Flexible product development : building agility for changing markets

This one, "Flexible Product Development: Building Agility for Changing Markets" is a book that describes a successful future of product development and project management. The flexibility concept Preston describes is essential to managing products and projects in the future. The speed of b...

Volledige beschrijving

Bewaard in:
Bibliografische gegevens
Hoofdauteur: Smith, Preston G.
Formaat: Boek
Taal:Undetermined
Gepubliceerd in: San Francisco Jossey-Bass 2007
Onderwerpen:
Tags: Voeg label toe
Geen labels, Wees de eerste die dit record labelt!
Thư viện lưu trữ: Trung tâm Học liệu Trường Đại học Cần Thơ
LEADER 01026nam a2200217Ia 4500
001 CTU_164696
008 210402s9999 xx 000 0 und d
020 |c 26.10 
082 |a 658.575 
082 |b S648 
100 |a Smith, Preston G. 
245 0 |a Flexible product development : 
245 0 |b building agility for changing markets 
245 0 |c Preston G. Smith 
260 |a San Francisco 
260 |b Jossey-Bass 
260 |c 2007 
520 |a This one, "Flexible Product Development: Building Agility for Changing Markets" is a book that describes a successful future of product development and project management. The flexibility concept Preston describes is essential to managing products and projects in the future. The speed of business continues to require teams to get projects done faster with less resources and information. 
650 |a Product management,New products,Quản trị sản xuất,Sản phẩm mới 
904 |i Năm 
980 |a Trung tâm Học liệu Trường Đại học Cần Thơ